| 000 | 00864cam a22002777a 4500 | ||
|---|---|---|---|
| 003 | CHAP | ||
| 005 | 20220329134951.0 | ||
| 008 | 971013s1978 r 00010 d | ||
| 010 | _a28800 | ||
| 011 | _a29772 | ||
| 035 | _a33883 | ||
| 040 | _cCHAP | ||
| 082 |
_a577 _bL3 |
||
| 100 | 0 | 0 |
_aLazcano Araujo, Antonio. _965207 |
| 245 | 1 | 3 | _aEl origen de la vida; symposium conmemorativo en homenaje a Alexander Ivanovich Oparin |
| 260 |
_aMéxico : _bUNAM, _c1978 |
||
| 300 |
_a146 p. _b: ilus. |
||
| 590 |
_aBATCH-UPD _b10 _c20130110 _lUCH01 _h0045 |
||
| 590 |
_aBATCH-UPD _b10 _c20130110 _lUCH01 _h2046 |
||
| 590 |
_aCONVERSION _b10 _c20130109 _lUCH01 _h1316 |
||
| 650 | 1 | 4 |
_aVida _xOrigen. _9119147 |
| 700 | 0 |
_aOparin, Alexander Ivanovich. _983355 |
|
| 901 | _aBK | ||
| 942 | _cLIBRO | ||
| 949 |
_a577 L3 _bBC _cLIBRO _d33724000731295 _eLIBRO _fc.2 _h17574 _i33883 _si _t47.00 |
||
| 999 |
_c28800 _d28800 |
||